Normal view MARC view

Entry Personal Name

Number of records used in: 1

001 - CONTROL NUMBER

  • control field: 9397

003 - CONTROL NUMBER IDENTIFIER

  • control field: DLC

005 - DATE AND TIME OF LATEST TRANSACTION

  • control field: 20230902123258.0

008 - FIXED-LENGTH DATA ELEMENTS

  • fixed length control field: 990824n| acannaabn |n aaa

010 ## - LIBRARY OF CONGRESS CONTROL NUMBER

  • LC control number: no 99060799

035 ## - SYSTEM CONTROL NUMBER

  • System control number: (OCoLC)oca05050745

040 ## - CATALOGING SOURCE

  • Original cataloging agency: DLC-ON
  • Language of cataloging: eng
  • Transcribing agency: DLC-ON
  • Modifying agency: CoU

100 1# - HEADING--PERSONAL NAME

  • Personal name: Nair, Tara S.

670 ## - SOURCE DATA FOUND

  • Source citation: 'Broad-basing' and 'fragmentation', 1998:
  • Information found: t.p. (Tara S. Nair)

670 ## - SOURCE DATA FOUND

  • Source citation: Caste vs caste, 1998:
  • Information found: t.p. (Tara Nair) jkt. (sr. business journalist; worked for Business standard & The Hindustan times)

Powered by Koha